La cal en la metalurgía extractiva
Guardat en:
| Autors principals: | , , , , |
|---|---|
| Format: | Llibre |
| Idioma: | espanyol |
| Publicat: |
Antofagasta
Universidad Católica del Norte
1995
|
| Matèries: | |
| Etiquetes: |
Afegir etiqueta
Sense etiquetes, Sigues el primer a etiquetar aquest registre!
|
MARC
| LEADER | 00000nam a2200000 a 4500 | ||
|---|---|---|---|
| 001 | UCU0286 | ||
| 003 | CL-VaPUC | ||
| 008 | 960322e19950000CL |||||||||||||||||spa|d | ||
| 082 | 0 | 4 | |a 669 |b HER |2 21 |
| 100 | 0 | |a Hernández Vera, María Cecilia |e author |9 355309 | |
| 700 | 0 | |a Arenas Fuentes, Alonso |e author |9 355310 | |
| 700 | 0 | |a Cárcamo Gutiérrez, Hugo |e author |9 355311 | |
| 700 | 0 | |a Conejeros Trujillo, Víctor |e author |9 355312 | |
| 700 | 0 | |a Coloma Alvarez, Guillermo |e author |9 355313 | |
| 245 | 1 | 3 | |a La cal en la metalurgía extractiva |
| 300 | |a 183 p | ||
| 942 | |c BK | ||
| 945 | |d 19960322 00:00:00 |a rleighto | ||
| 260 | |a Antofagasta |b Universidad Católica del Norte |c 1995 | ||
| 650 | 7 | |a METALURGIA EXTRACTIVA |2 CL-VaPUC |9 340474 | |
| 650 | 7 | |a CAL |2 CL-VaPUC |9 262897 | |
| 650 | 0 | |a Alcalinos |9 355314 | |
| 650 | 0 | |a Minería |9 326008 | |
| 650 | 7 | |a INDUSTRIAS QUIMICAS |2 CL-VaPUC |9 263925 | |
| 650 | 7 | |a CIANUROS |2 CL-VaPUC |9 324894 | |
| 651 | 7 | |a CHILE |2 CL-VaPUC |9 355315 | |
| 583 | |a last modification |c 19960322 00:00:00 |k Rodrigo Vera | ||
| 999 | |c 245158 |d 245156 | ||
| 952 | |0 0 |1 0 |4 0 |6 669_000000000000000_HER_1995 |7 0 |8 A |9 259581 |a BIBING |b BIBING |d 2019-11-19 |i 3183602 |l 1 |o 669 HER 1995 |p 3183602 |r 2025-01-20 |s 2022-04-29 |w 2019-11-19 |y BK |k EIQ | ||